000 00780nam a22002417a 4500
999 _c19790
_d19790
003 AR-CdUCM
008 190522b ||||| |||| 00| 0 spa d
040 _aMUNICIPALIDAD PROVINCIAL DEL CUSCO
_cBIBLIOTECA MUNICIPAL DEL CUSCO
041 _hfre
082 _a960.4 /
_bS95
100 _aSuret Canale, Jean
_941389
245 _aAfrica Negra :
_bgeografía, civilización, historia/
260 _aBuenos Aires :
_bPlatina,
_c1959.
300 _a225 páginas ;
_bMapas,
_c23 cm.
440 _aEl ojo de buey
_941390
505 _aContenido: El marco geográfico -- Los hombres -- La historia.
650 _aÁfrica
_91289
650 _aHistoria
_9136
650 _aCivilización
_91048
700 _aVarela, Alfredo
_911868
942 _2ddc
_cLIBROS
945 _adavv
_d2019-05-22